000 00288nam a22001337a 4500
008 210312b ||||| |||| 00| 0 eng d
041 _aeng
080 _a573
082 _a573
100 _a11
101 _aBIO
245 _aMedical cell Biology
_c Flickinger, CH. J
942 _2udc
_cBK
999 _c56577
_d56577